[Event "Hajduszoboszlo op 2nd"]
[Site "Hajduszoboszlo"]
[Date "2024.02.08"]
[Round "1"]
[White "Samu, Sorin Mihai"]
[Black "Parikh, Pranjal Ameetkumar"]
[Result "1-0"]
[WhiteElo "1945"]
[BlackElo "1425"]
[PlyCount "43"]
[EventDate "2024.02.08"]
[EventType "swiss"]
[EventRounds "7"]
[EventCountry "HUN"]
[SourceTitle "CB08_2024"]
[SourceDate "2024.02.21"]
[SourceVersion "1"]
[SourceVersionDate "2024.02.21"]
[SourceQuality "1"]

1. e4 d5 2. exd5 Qxd5 3. Nc3 Qa5 4. Nf3 Bf5 5. d4 c6 6. Bc4 e6 7. 0-0 Nf6 8. Re1 Be7 9. h3 Qc7 10. g4 Bg6 11. Ne5 Nbd7 12. h4 b5 13. Bb3 b4 14. Na4 h6 15. Nxg6 fxg6 16. Rxe6 Nf8 17. Nc5 Nxe6 18. Nxe6 Qd6 19. Bf4 Qd7 20. Qd3 Qc8 21. Qxg6+ Kd7 22. Nxg7 1-0

[Event "Baia Mare Maramures op"]
[Site "Baia Mare"]
[Date "2023.09.01"]
[Round "4"]
[White "Breitkopf, Ioan Francisc"]
[Black "Samu, Sorin Mihai"]
[Result "1/2-1/2"]
[WhiteElo "1881"]
[BlackElo "2006"]
[PlyCount "213"]
[EventDate "2023.08.31"]
[EventType "swiss"]
[EventRounds "9"]
[EventCountry "ROU"]
[SourceTitle "EXT 2024"]
[Source "ChessBase"]
[SourceDate "2023.10.10"]
[SourceVersion "1"]
[SourceVersionDate "2023.10.10"]
[SourceQuality "1"]

1. d4 Nf6 2. c4 e6 3. Nf3 b6 4. e3 Bb7 5. Bd3 g6 6. Nc3 Bg7 7. 0-0 d5 8. b3 0-0 9. Ba3 Re8 10. Rc1 c6 11. Qe2 Nbd7 12. Bd6 Rc8 13. Rfd1 Nf8 14. Be5 Qe7 15. c5 bxc5 16. dxc5 N6d7 17. Bd6 Qd8 18. b4 e5 19. e4 d4 20. Na4 Ne6 21. g3 Ng5 22. h4 Nxf3+ 23. Qxf3 Nf6 24. Bc4 h5 25. Qb3 Qd7 26. Qf3 Ra8 27. a3 Bc8 28. Rc2 Qh3 29. Re1 Qd7 30. Rb1 Qb7 31. Rcb2 Bg4 32. Qg2 Be6 33. Bd3 Bd7 34. Qf1 Qc8 35. Ba6 Qd8 36. Bb7 Rb8 37. Bxb8 Qxb8 38. Ba6 Nxe4 39. b5 cxb5 40. Bxb5 Bxb5 41. Rxb5 Qc7 42. Rb7 Qc8 43. Qb5 Nf6 44. Qc4 Rf8 45. c6 Qh3 46. Qf1 Qf5 47. Nc5 e4 48. Na6 Nd5 49. R7b5 Qe6 50. Rc5 Nc3 51. Rc1 e3 52. Qd3 exf2+ 53. Kxf2 Ne4+ 54. Kg2 Nxc5 55. Rxc5 Qa2+ 56. Kh3 Re8 57. c7 Qe6+ 58. Kg2 Bf8 59. Rc2 Qd5+ 60. Kh2 Qe6 61. Nc5 Qc8 62. Ne4 Qe6 63. Qxd4 Be7 64. Re2 Rc8 65. Rc2 Kh7 66. Qe3 Kg7 67. Qd4+ f6 68. a4 a5 69. Kg2 Kf7 70. Rf2 f5 71. Ng5+ Bxg5 72. hxg5 Rxc7 73. Qh8 Re7 74. Rb2 Qe5 75. Qh7+ Qg7 76. Qxg7+ Kxg7 77. Rb5 h4 78. gxh4 Re4 79. Rxa5 Rxh4 80. Ra7+ Kf8 81. Ra8+ Ke7 82. Ra7+ Kd8 83. a5 Rg4+ 84. Kf3 Rxg5 85. a6 Kc8 86. Rg7 Kb8 87. Kf4 Rg4+ 88. Kf3 Ka8 89. Rf7 Rg1 90. Kf2 Rg5 91. Kf3 Rg4 92. Rg7 g5 93. Rf7 Rf4+ 94. Kg3 Rf1 95. Kg2 Rf4 96. Kg3 Kb8 97. Rg7 Rg4+ 98. Kf3 Rg1 99. Kf2 Rg4 100. Kf3 Ka8 101. Rf7 Rf4+ 102. Kg3 Rf1 103. Kg2 Rf4 104. Kg3 Kb8 105. Rg7 Rg4+ 106. Kf3 Rg1 107. Kf2 1/2-1/2

[Event "SVK-ch Amateurs"]
[Site "Liptovsky Jan"]
[Date "2023.06.17"]
[Round "6"]
[White "Samu, Sorin Mihai"]
[Black "Simkovic, Eduard"]
[Result "1-0"]
[WhiteElo "2027"]
[BlackElo "1816"]
[PlyCount "111"]
[EventDate "2023.06.15"]
[EventType "swiss"]
[EventRounds "8"]
[EventCountry "SVK"]
[SourceTitle "CBM 214 Extra"]
[Source "ChessBase"]
[SourceDate "2023.07.31"]
[SourceVersion "1"]
[SourceVersionDate "2023.07.31"]
[SourceQuality "1"]

1. e4 e5 2. f4 Nc6 3. Nf3 d6 4. Bb5 Bd7 5. Bxc6 Bxc6 6. Nc3 exf4 7. d4 Ne7 8. Bxf4 Ng6 9. Bg3 Be7 10. 0-0 0-0 11. d5 Bd7 12. Nd4 Ne5 13. Nf5 Bf6 14. Rb1 g6 15. Nd4 Bg4 16. Qd2 c5 17. dxc6 bxc6 18. h3 Bd7 19. Nf3 Be6 20. Nxe5 Bxe5 21. Bxe5 dxe5 22. Qf2 Qb6 23. Rfd1 Rfd8 24. b3 Kf8 25. Na4 Qxf2+ 26. Kxf2 Ke7 27. Rd3 f5 28. Ke3 f4+ 29. Ke2 g5 30. Rc3 Rd6 31. Nc5 Bf7 32. Nd3 Bh5+ 33. Kf2 Kf6 34. Rc5 Re8 35. Re1 Bg6 36. a4 h5 37. Re2 h4 38. Ke1 Bh5 39. Rd2 Ree6 40. Ra5 Rd4 41. Nf2 f3 42. gxf3 Bxf3 43. Rxd4 exd4 44. Rf5+ Kg6 45. Rxf3 Re5 46. c3 dxc3 47. Rxc3 c5 48. Ke2 a5 49. Ke3 Kh5 50. Ng4 Re6 51. e5 Rb6 52. Nf6+ Kg6 53. Nd5 Re6 54. Ke4 Kh5 55. Kf5 Re8 56. Nf6+ 1-0

[Event "SVK-ch Amateurs"]
[Site "Liptovsky Jan"]
[Date "2023.06.15"]
[Round "2"]
[White "Samu, Sorin Mihai"]
[Black "Petrovsky, Jan"]
[Result "1/2-1/2"]
[WhiteElo "2027"]
[BlackElo "1774"]
[PlyCount "118"]
[EventDate "2023.06.15"]
[EventType "swiss"]
[EventRounds "8"]
[EventCountry "SVK"]
[SourceTitle "CBM 214 Extra"]
[Source "ChessBase"]
[SourceDate "2023.07.31"]
[SourceVersion "1"]
[SourceVersionDate "2023.07.31"]
[SourceQuality "1"]

1. c4 Nf6 2. g3 e6 3. Bg2 c5 4. Nc3 Nc6 5. b3 Be7 6. Bb2 0-0 7. Nf3 Rb8 8. d4 cxd4 9. Nxd4 Qa5 10. 0-0 a6 11. a3 Qb6 12. Na4 Qc7 13. Rc1 d6 14. b4 Nxd4 15. Bxd4 Bd7 16. e4 Bxa4 17. Qxa4 e5 18. Bb2 Nd7 19. f4 Rbc8 20. Bh3 Rcd8 21. Bxd7 Qxd7 22. Qxd7 Rxd7 23. fxe5 dxe5 24. Bxe5 Rd3 25. Rc3 Rfd8 26. Rf3 Rd1+ 27. Kg2 R8d2+ 28. Rf2 Rxf2+ 29. Kxf2 f6 30. Bf4 g5 31. Be3 Kf7 32. c5 Ra1 33. h3 Ke6 34. c6 bxc6 35. Rxc6+ Ke5 36. Bc1 Kxe4 37. Re6+ Kd5 38. Rxe7 Rxc1 39. Ra7 Rc6 40. a4 h5 41. Ke2 Rb6 42. a5 Rxb4 43. Rxa6 Rb2+ 44. Kd1 Ke5 45. Ra8 Rg2 46. a6 Kf5 47. a7 Ra2 48. Kc1 h4 49. gxh4 gxh4 50. Kb1 Ra6 51. Kc2 Kf4 52. Kd3 f5 53. Kc4 Kf3 54. Kb5 Ra1 55. Kb6 Rb1+ 56. Kc6 Rc1+ 57. Kd5 Ra1 58. Ke5 Ra5+ 59. Kf6 f4 1/2-1/2

[Event "ROM-ch Amateurs"]
[Site "Sebes"]
[Date "2023.02.25"]
[Round "8"]
[White "Veneteanu, Ion Cristian"]
[Black "Samu, Sorin Mihai"]
[Result "1-0"]
[WhiteElo "2006"]
[BlackElo "2047"]
[PlyCount "95"]
[EventDate "2023.02.21"]
[EventType "swiss"]
[EventRounds "9"]
[EventCountry "ROU"]
[SourceTitle "CBM 213 Extra"]
[Source "ChessBase"]
[SourceDate "2023.05.31"]
[SourceVersion "1"]
[SourceVersionDate "2023.05.31"]
[SourceQuality "1"]

1. Nf3 b6 2. d4 Bb7 3. c4 Nf6 4. Nc3 e6 5. a3 Be7 6. g3 d5 7. Bg2 0-0 8. Ne5 Ne4 9. 0-0 Nxc3 10. bxc3 c5 11. cxd5 Bxd5 12. e4 Bb7 13. Bf4 f6 14. Nc4 cxd4 15. cxd4 b5 16. Qb3 a6 17. Rfd1 Kh8 18. a4 b4 19. d5 exd5 20. exd5 Bc5 21. Rac1 a5 22. h4 Re8 23. h5 Nd7 24. h6 g5 25. Be3 Bf8 26. Bd4 Ra6 27. Ne3 Bxh6 28. Nf5 Bf8 29. Bf1 Ra8 30. Bb5 Ne5 31. Bxe8 Qxe8 32. Qe3 Qg6 33. Bxe5 Qxf5 34. Rc7 Ba6 35. Ba1 Kg8 36. Rc6 Bg7 37. Qe7 Qf3 38. Re1 Qf5 39. Rc7 Qg6 40. Qe6+ Kh8 41. Rf7 h5 42. Qe7 Kg8 43. Rxf6 Bxf6 44. Bxf6 Qf7 45. Qd6 Rf8 46. Bd4 Bc4 47. Qh6 Qh7 48. Qxg5+ 1-0

[Event "Arad op 15th"]
[Site "Arad"]
[Date "2022.08.14"]
[Round "9"]
[White "Samu, Sorin Mihai"]
[Black "Iacoban, Anatolie"]
[Result "1-0"]
[WhiteElo "1981"]
[BlackElo "1821"]
[PlyCount "52"]
[EventDate "2022.08.08"]
[EventType "swiss"]
[EventRounds "9"]
[EventCountry "ROU"]
[SourceTitle "CBM 209 Extra"]
[Source "ChessBase"]
[SourceDate "2022.09.30"]
[SourceVersion "1"]
[SourceVersionDate "2022.09.30"]
[SourceQuality "1"]

1. d4 d6 2. e4 Nf6 3. Nc3 g6 4. Bc4 Bg7 5. h4 Nbd7 6. h5 gxh5 7. Nge2 c5 8. dxc5 Nxc5 9. Nf4 e6 10. Bb5+ Bd7 11. Qxd6 Ncxe4 12. Bxd7+ Qxd7 13. Qxd7+ Kxd7 14. Nxh5 Bf8 15. Nxe4 Nxe4 16. f3 Nd6 17. Nf6+ Kc6 18. Bf4 Bg7 19. 0-0-0 Rad8 20. Be5 h6 21. Ng4 Rhg8 22. Bxg7 Rxg7 23. Rxh6 Rdg8 24. Ne5+ Kc7 25. g4 Rd8 26. Rf6 Ra8 1-0

[Event "Satu Mare Szabo Memorial"]
[Site "Satu Mare"]
[Date "2019.08.08"]
[Round "9"]
[White "Ionescu, Mihai"]
[Black "Samu, Sorin Mihai"]
[Result "1-0"]
[WhiteElo "2285"]
[BlackElo "2003"]
[PlyCount "108"]
[EventDate "2019.08.02"]
[EventType "swiss"]
[EventRounds "9"]
[EventCountry "ROU"]
[SourceTitle "CBM 191 Extra"]
[Source "ChessBase"]
[SourceDate "2019.09.30"]
[SourceVersion "1"]
[SourceVersionDate "2019.09.30"]
[SourceQuality "1"]

1. Nf3 d5 2. d4 c6 3. c4 e6 4. e3 f5 5. Be2 Nf6 6. 0-0 Bd6 7. b3 Qe7 8. Bb2 0-0 9. Qc1 Nbd7 10. Ba3 Ne4 11. Bxd6 Qxd6 12. Qa3 Qc7 13. Nbd2 Qd6 14. Qxd6 Nxd6 15. b4 a5 16. b5 Ne4 17. Rfc1 a4 18. cxd5 cxd5 19. Rc7 h6 20. Rac1 Nd6 21. Ne5 Nb6 22. f4 Ra5 23. R1c5 Rd8 24. Re7 Re8 25. Rcc7 Rxe7 26. Rxe7 g5 27. fxg5 hxg5 28. Ndf3 Ne4 29. Bd3 a3 30. Bxe4 dxe4 31. Nxg5 Rxb5 32. h4 Rb1+ 33. Kh2 Nd5 34. Re8+ Kg7 35. Rxc8 Rb2 36. Nxe6+ Kf6 37. Nc5 Nxe3 38. Rf8+ Ke7 39. Rf7+ Ke8 40. Rg7 Rxa2 41. h5 Rb2 42. h6 Rb6 43. h7 Rh6+ 44. Kg1 a2 45. Nb3 Nc2 46. Rg8+ Ke7 47. h8Q Rxh8 48. Rxh8 Nxd4 49. Na1 b5 50. Ra8 Ke6 51. Ng6 Kd5 52. Rxa2 Kc4 53. Kf2 b4 54. Ke3 Kc3 1-0

[Event "Satu Mare Ferroli op"]
[Site "Satu Mare"]
[Date "2018.11.02"]
[Round "6"]
[White "Marjanovic, Annamaria"]
[Black "Samu, Sorin Mihai"]
[Result "1-0"]
[WhiteElo "2326"]
[BlackElo "2036"]
[PlyCount "127"]
[EventDate "2018.10.30"]
[EventType "swiss"]
[EventRounds "9"]
[EventCountry "ROU"]
[SourceTitle "CBM 187 Extra"]
[Source "ChessBase"]
[SourceDate "2018.11.04"]
[SourceVersion "1"]
[SourceVersionDate "2018.11.04"]
[SourceQuality "1"]

1. c4 e5 2. g3 Bc5 3. Bg2 c6 4. Nc3 f5 5. e3 Qe7 6. Nge2 Bb6 7. d4 d6 8. b3 Nf6 9. Ba3 e4 10. Qc2 a5 11. Bb2 Na6 12. a3 0-0 13. Qd2 d5 14. cxd5 cxd5 15. Nf4 Nc7 16. h4 Bd7 17. 0-0 a4 18. Qd1 Qd6 19. bxa4 Ba5 20. Qb3 Bxc3 21. Bxc3 Bxa4 22. Qb2 Rfc8 23. Rfc1 Bc6 24. Bb4 Qd7 25. Bf1 Ne6 26. Nxe6 Qxe6 27. Bd2 Qd7 28. Rc5 Re8 29. Bb5 f4 30. exf4 e3 31. Bxe3 Ne4 32. Bxc6 bxc6 33. Rcc1 Qh3 34. Qe2 Re6 35. Qf3 Rg6 36. Qg2 Qe6 37. Re1 Ra4 38. Kh2 h6 39. Qh3 Qd6 40. Qc8+ Kh7 41. Qf5 Kg8 42. Qe5 Qd7 43. f5 Rf6 44. g4 h5 45. f3 Nd6 46. Bf2 hxg4 47. fxg4 Ne4 48. Be3 Rc4 49. Rec1 Rxc1 50. Rxc1 Qb7 51. Rg1 Qb3 52. Qf4 Rf8 53. g5 Qxa3 54. Rg2 Qe7 55. Rb2 Nd6 56. f6 gxf6 57. Rg2 f5 58. g6 Ne4 59. Qh6 Rf6 60. Bf4 Re6 61. Rb2 Nf6 62. Rb8+ Qe8 63. Rxe8+ Rxe8 64. Qg5 1-0

[Event "Tasnad op"]
[Site "Tasnad"]
[Date "2018.09.14"]
[Round "6"]
[White "Bargan, Sergei"]
[Black "Samu, Sorin Mihai"]
[Result "1-0"]
[WhiteElo "2303"]
[BlackElo "2091"]
[PlyCount "85"]
[EventDate "2018.09.11"]
[EventType "swiss"]
[EventRounds "9"]
[EventCountry "ROU"]
[SourceTitle "CBM 186 Extra"]
[Source "ChessBase"]
[SourceDate "2018.08.24"]
[SourceVersion "1"]
[SourceVersionDate "2018.08.24"]
[SourceQuality "1"]

1. d4 e6 2. e4 d5 3. Nd2 Nf6 4. e5 Nfd7 5. f4 c5 6. c3 Nc6 7. Ndf3 Be7 8. Bd3 cxd4 9. cxd4 Qb6 10. Ne2 f5 11. 0-0 0-0 12. h3 Kh8 13. g4 g6 14. Kh1 Nb4 15. Bb1 Qd8 16. Be3 b5 17. Rg1 a5 18. a3 Nc6 19. b3 a4 20. b4 Nb6 21. Bd3 Nc4 22. Bc1 Bd7 23. Qe1 Rg8 24. Ng5 Qf8 25. Nf3 Nd8 26. Ng3 Nc6 27. Ra2 Nxb4 28. axb4 Bxb4 29. Qd1 Be7 30. gxf5 gxf5 31. Bxc4 dxc4 32. d5 Bc5 33. Rgg2 b4 34. Nh5 b3 35. Rxg8+ Qxg8 36. Rg2 Qf7 37. Ng5 Qe7 38. Nf6 Be8 39. Ngxh7 Bf7 40. Qe1 Rg8 41. Qh4 Rxg2 42. Ng5+ Kg7 43. Qh7+ 1-0

[Event "Tasnad op"]
[Site "Tasnad"]
[Date "2018.09.14"]
[Round "5"]
[White "Samu, Sorin Mihai"]
[Black "Meleg, Victor"]
[Result "1-0"]
[WhiteElo "2091"]
[BlackElo "1702"]
[PlyCount "91"]
[EventDate "2018.09.11"]
[EventType "swiss"]
[EventRounds "9"]
[EventCountry "ROU"]
[SourceTitle "CBM 186 Extra"]
[Source "ChessBase"]
[SourceDate "2018.08.24"]
[SourceVersion "1"]
[SourceVersionDate "2018.08.24"]
[SourceQuality "1"]

1. c4 c5 2. Nc3 Nc6 3. g3 g6 4. Bg2 Bg7 5. e3 Nf6 6. Nge2 0-0 7. 0-0 e6 8. d4 cxd4 9. exd4 d5 10. c5 a6 11. a3 Re8 12. f4 b6 13. b4 bxc5 14. bxc5 Na5 15. Rb1 Bd7 16. Na4 Bb5 17. Nb6 Rb8 18. Re1 Nd7 19. Nxd7 Qxd7 20. Nc3 Bc6 21. Rb4 Nc4 22. Ne2 a5 23. Rxb8 Rxb8 24. Qd3 a4 25. g4 Rb3 26. Qc2 Ne3 27. Bxe3 Rxe3 28. Qc1 Rb3 29. Rd1 Bb5 30. Nc3 Bc4 31. h3 Qa7 32. Kh1 Qa5 33. Na2 h6 34. f5 exf5 35. gxf5 g5 36. h4 f6 37. Re1 Rd3 38. Nb4 Rxd4 39. Qe3 Rxh4+ 40. Kg1 Re4 41. Bxe4 dxe4 42. Qd4 Bf7 43. Rxe4 Qc7 44. Qd6 Qc8 45. Nd5 Qxf5 46. Ne7+ 1-0

[Event "Tasnad op"]
[Site "Tasnad"]
[Date "2018.09.13"]
[Round "4"]
[White "Itkis, Boris"]
[Black "Samu, Sorin Mihai"]
[Result "1-0"]
[WhiteElo "2311"]
[BlackElo "2091"]
[PlyCount "75"]
[EventDate "2018.09.11"]
[EventType "swiss"]
[EventRounds "9"]
[EventCountry "ROU"]
[SourceTitle "CBM 186 Extra"]
[Source "ChessBase"]
[SourceDate "2018.08.24"]
[SourceVersion "1"]
[SourceVersionDate "2018.08.24"]
[SourceQuality "1"]

1. d4 Nf6 2. c4 e6 3. g3 c5 4. Nf3 cxd4 5. Nxd4 d5 6. Bg2 Bc5 7. Nb3 Bb6 8. Nc3 d4 9. Na4 e5 10. Nxb6 Qxb6 11. c5 Qc7 12. f4 Nc6 13. fxe5 Ng4 14. 0-0 Qxe5 15. Bf4 Qh5 16. h3 Ne3 17. Bxe3 dxe3 18. Qd6 Bd7 19. g4 Qg6 20. Qc7 h5 21. Rad1 Rd8 22. Rd6 f6 23. Rfd1 Qf7 24. Bxc6 bxc6 25. Rxd7 Qxd7 26. Rxd7 Rxd7 27. Qxc6 hxg4 28. hxg4 Rh4 29. Qe4+ Re7 30. Qg6+ Kf8 31. Nd4 Rh6 32. Qf5 Re5 33. Qc8+ Kf7 34. Nf5 Rh7 35. c6 Kg6 36. c7 Kg5 37. Qg8 Rc5 38. Qxh7 1-0

[Event "Tasnad op"]
[Site "Tasnad"]
[Date "2018.09.11"]
[Round "1"]
[White "Samu, Sorin Mihai"]
[Black "Costachi, Mihnea"]
[Result "0-1"]
[WhiteElo "2091"]
[BlackElo "2471"]
[PlyCount "70"]
[EventDate "2018.09.11"]
[EventType "swiss"]
[EventRounds "9"]
[EventCountry "ROU"]
[SourceTitle "CBM 186 Extra"]
[Source "ChessBase"]
[SourceDate "2018.08.24"]
[SourceVersion "1"]
[SourceVersionDate "2018.08.24"]
[SourceQuality "1"]

1. c4 Nf6 2. Nc3 g6 3. d4 Bg7 4. e4 d6 5. f3 0-0 6. Be3 c5 7. Nge2 Nc6 8. Qd2 Qa5 9. d5 Ne5 10. Nc1 a6 11. f4 Ned7 12. h3 b5 13. g4 b4 14. Nd1 Nxe4 15. Qg2 b3+ 16. Ke2 f5 17. gxf5 Ndf6 18. fxg6 Nh5 19. gxh7+ Kh8 20. Nxb3 Nhg3+ 21. Kf3 Qa4 22. Rg1 Qe8 23. Nf2 Qh5+ 24. Ng4 Qh4 25. Bf2 Bxg4+ 26. Ke3 Bd4+ 27. Nxd4 cxd4+ 28. Kd3 Nxf2+ 29. Qxf2 Rxf4 30. Qxf4 Be2+ 31. Bxe2 Qxf4 32. Bg4 Qe3+ 33. Kc2 d3+ 34. Kb3 Rb8+ 35. Ka4 Qc5 0-1

[Event "Satu Mare Szabo Memorial"]
[Site "Satu Mare"]
[Date "2018.07.24"]
[Round "1"]
[White "Samu, Sorin Mihai"]
[Black "Jianu, Vlad Cristian"]
[Result "0-1"]
[WhiteElo "2090"]
[BlackElo "2542"]
[PlyCount "80"]
[EventDate "2018.07.24"]
[EventType "swiss"]
[EventRounds "9"]
[EventCountry "ROU"]
[SourceTitle "CBM 185 Extra"]
[Source "ChessBase"]
[SourceDate "2018.07.29"]
[SourceVersion "1"]
[SourceVersionDate "2018.07.29"]
[SourceQuality "1"]

1. c4 e6 2. g3 d5 3. Nc3 d4 4. Nb5 a6 5. Na3 c5 6. Bg2 Nc6 7. Nf3 Nge7 8. 0-0 Ng6 9. d3 Be7 10. Bd2 0-0 11. Nc2 a5 12. Na3 e5 13. Nb5 f5 14. h4 h6 15. a3 Bf6 16. Qc1 Be6 17. Nh2 Qd7 18. Bd5 Rac8 19. Bxe6+ Qxe6 20. Qe1 b6 21. b4 e4 22. bxc5 bxc5 23. f4 exf3 24. Nxf3 f4 25. h5 Qh3 26. Rf2 fxg3 27. Rg2 Nh4 28. Rxg3 Nxf3+ 29. exf3 Qxh5 30. Qe6+ Kh8 31. Nd6 Rc7 32. Ne4 Ne5 33. Bf4 Rc6 34. Nxf6 Nxf3+ 35. Rxf3 Qxf3 36. Qd5 Qxf4 37. Qxc6 Rxf6 38. Qe8+ Kh7 39. Qe4+ Rg6+ 40. Kh1 Qg3 0-1

[Event "Romanian op"]
[Site "Alba Iulia"]
[Date "2017.11.27"]
[Round "9"]
[White "Banzea, Alexandru Bogdan"]
[Black "Samu, Sorin Mihai"]
[Result "1-0"]
[WhiteElo "2308"]
[BlackElo "2082"]
[PlyCount "47"]
[EventDate "2017.11.20"]
[EventType "swiss"]
[EventRounds "9"]
[EventCountry "ROU"]
[SourceTitle "CBM 181 Extra"]
[Source "ChessBase"]
[SourceDate "2017.12.12"]
[SourceVersion "1"]
[SourceVersionDate "2017.12.12"]
[SourceQuality "1"]

1. e4 c5 2. Nf3 d6 3. Bb5+ Bd7 4. Bxd7+ Nxd7 5. 0-0 e6 6. Qe2 Qc7 7. d4 Ngf6 8. e5 dxe5 9. dxe5 Nd5 10. c4 Ne7 11. Nc3 Ng6 12. Re1 Be7 13. g3 a6 14. h4 h5 15. b3 Nb8 16. Bb2 Nc6 17. Rad1 Rd8 18. Nd5 exd5 19. cxd5 Nd4 20. Nxd4 Rxd5 21. Nf5 Rxd1 22. Rxd1 Kf8 23. e6 Bf6 24. Rd7 1-0

[Event "Corund Ceramica op 3rd"]
[Site "Corund"]
[Date "2017.09.30"]
[Round "8"]
[White "Biro, Sandor"]
[Black "Samu, Sorin Mihai"]
[Result "0-1"]
[WhiteElo "2179"]
[BlackElo "2039"]
[PlyCount "80"]
[EventDate "2017.09.26"]
[EventType "swiss"]
[EventRounds "9"]
[EventCountry "ROU"]
[SourceTitle "EXT 2018"]
[Source "ChessBase"]
[SourceDate "2017.10.13"]
[SourceVersion "1"]
[SourceVersionDate "2017.10.13"]
[SourceQuality "1"]

1. e4 c5 2. d4 cxd4 3. c3 dxc3 4. Nxc3 Nc6 5. Nf3 a6 6. Bc4 e6 7. 0-0 Nge7 8. Bf4 Ng6 9. Bg3 Be7 10. e5 0-0 11. Ne4 b5 12. Bb3 Bb7 13. Qe2 Nb4 14. Nc3 Bxf3 15. Qxf3 Nc6 16. Qe4 Qb6 17. Rad1 Rad8 18. h4 Qc5 19. Rfe1 d5 20. exd6 Bxd6 21. Bxd6 Rxd6 22. Rxd6 Qxd6 23. Rd1 Qc7 24. h5 Nf4 25. h6 gxh6 26. Qf3 Na5 27. Rd4 Ng6 28. Ne4 Nxb3 29. Nf6+ Kh8 30. axb3 Qe5 31. Rd7 Qxb2 32. Nh5 Qa1+ 33. Rd1 Qe5 34. g4 f5 35. gxf5 Nh4 36. Qd3 Nxf5 37. Qf3 Rg8+ 38. Kf1 b4 39. Qd3 Rf8 40. Re1 Qh2 0-1

[Event "Corund Ceramica op 3rd"]
[Site "Corund"]
[Date "2017.09.27"]
[Round "2"]
[White "Ciorgovean, Iustin"]
[Black "Samu, Sorin Mihai"]
[Result "1-0"]
[WhiteElo "2220"]
[BlackElo "2039"]
[PlyCount "65"]
[EventDate "2017.09.26"]
[EventType "swiss"]
[EventRounds "9"]
[EventCountry "ROU"]
[SourceTitle "EXT 2018"]
[Source "ChessBase"]
[SourceDate "2017.10.13"]
[SourceVersion "1"]
[SourceVersionDate "2017.10.13"]
[SourceQuality "1"]

1. Nf3 b6 2. g3 Bb7 3. Bg2 Nf6 4. 0-0 e6 5. c4 Be7 6. Nc3 0-0 7. Re1 d5 8. cxd5 exd5 9. d4 Nbd7 10. Bf4 a6 11. Rc1 Rc8 12. Ne5 c5 13. dxc5 Nxc5 14. Bh3 Ne6 15. Nf3 Rc4 16. e3 h6 17. Be5 b5 18. Nd4 Ng5 19. Bf1 b4 20. Na4 Qa5 21. h4 Rxc1 22. Qxc1 Qxa4 23. hxg5 Rc8 24. Qb1 hxg5 25. Qf5 Ne4 26. Bd3 g6 27. Qh3 Bf6 28. Bxe4 Bxe5 29. Bxg6 Bg7 30. Qh7+ Kf8 31. Nf5 Ke8 32. Qxg7 Kd8 33. Qf8+ 1-0